Exposición que dirige al Exmo. Sr. Presidente de la República su ministro de Hacienda.

Detalles Bibliográficos
Autor principal: ESTEVA, José Ignacio
Formato: Libro
Publicado: México 1851
Materias:
Colección:Banco de datos
Acervo:Biblioteca Nacional de Antropología e Historia. Fondo Conventual
Tema general:Historia Civil
Notas:Regular. XIII,8,15. Encuadernado con otras cuatro obras.
LEADER 00716nam a22001930004500
035 |a 11277 
036 |a 5882 
100 1 |a ESTEVA, José Ignacio 
245 1 0 |a Exposición que dirige al Exmo. Sr. Presidente de la República su ministro de Hacienda. 
260 |a México  |b Rafael y Villa  |c 1851 
500 |a Regular. XIII,8,15. Encuadernado con otras cuatro obras. 
650 1 0 |a Historia Civil 
949 |a B.N.A.H. 
959 |a Biblioteca Nacional de Antropología e Historia. Ciudad de México  |b CCC1 
960 |a Seminario de Morelia  |b DD56 
961 |a Casa de formación del Clero Secular  |b CS 
942 |c B.N.A.H. 
943 |g Biblioteca Nacional de Antropología e Historia. Fondo Conventual 
999 |c 1035809  |d 1035809